Kpop songs on music shows in 2024(*completed) - Statistics

General Stats
  • This quiz has been taken 165 times
    20 since last reset
  • The average score is 19 of 89
Answer Stats
Win Artist Answer % Correct
8 ROSÉ , Bruno Mars APT.
94%
8 aespa Supernova
88%
4 LE SSERAFIM CRAZY
82%
12 ILLIT Magnetic
82%
6 aespa Whiplash
71%
2 ZICO(ft. JENNIE) SPOT!
65%
2 KISS OF LIFE Sticky
65%
2 Jimin Who
65%
4 aespa Armageddon
59%
6 Stray Kids Chk Chk Boom
59%
9 LE SSERAFIM EASY
59%
JENNIE Mantra
53%
1 BABYMONSTER SHEESH
53%
2 NAYEON ABCD
47%
4 NMIXX DASH
47%
3 NewJeans How Sweet
47%
4 (G)I-DLE Super Lady
47%
5 RIIZE Boom Boom Bass
41%
2 aespa Drama
41%
8 IU Love wins all
41%
6 SEVENTEEN MAESTRO
41%
3 TXT Deja vu
35%
3 BOYNEXTDOOR Earth, Wind & Fire
35%
1 P1Harmony Killin' It
35%
3 (G)i-dle Klaxon
35%
6 Lee Young Ji (ft. D.O.) Small girl
35%
2 BIBI Bam Yang Gang
29%
1 YEONJUN GGUM
29%
5 TWS Plot Twist
29%
TWICE Strategy
29%
4 fromis_9 Supersonic
29%
3 (G)I-DLE Fate
24%
4 ZEROBASEONE Feel the POP
24%
3 SEVENTEEN LOVE, MONEY, FAME
24%
3 P1Harmony SAD SONG
24%
3 NCT127 Walk
24%
KISS OF LIFE Get Loud
18%
2 BOYNEXTDOOR Nice Guy
18%
1 ITZY UNTOUCHABLE
18%
1 tripleS Girls Never Die
12%
2 G-DRAGON(ft. TAEYANG, DAESUNG) HOME SWEET HOME
12%
ATEEZ Ice On My Teeth
12%
1 BAEKHYUN Pineapple Slice
12%
3 NMIXX See that?
12%
Kep1er TIPI-TAP
12%
3 TAEYEON To. X
12%
2 Stray Kids Walkin On Water
12%
2 ATEEZ WORK
12%
1 V FRI(END)S
6%
1 WayV Give Me That
6%
5 ZEROBASEONE GOOD SO BAD
6%
3 TWS If I’m S, Can You Be My N?
6%
2 RIIZE Love 119
6%
2 TXT Over The Moon
6%
1 Kep1er Shooting Star
6%
1 JAEHYUN Smoke
6%
4 NCT DREAM Smoothie
6%
1 NCT WISH Steady
6%
3 NCT DREAM When I'm With You
6%
2 NCT WISH WISH
6%
2 Lee Chan Won A Travel To The Sky
0%
VANNER Automatic
0%
2 NCT127 Be There For Me
0%
2 HIGHLIGHT BODY
0%
1 SOLAR But I
0%
1 ONF Bye My Monster
0%
1 STAYC Cheeky Icy Thang
0%
1 Jimin Closer Than This
0%
1 SF9 Don't Worry, Be Happy
0%
1 Kang Daniel Electric Shock
0%
3 WayV FREQUENCY
0%
2 DAY6 HAPPY
0%
The Wind Hello, My first love
0%
tripleS Visionary Vision Hit the Floor
0%
1 TEMPEST LIGHTHOUSE
0%
1 DOYOUNG Little Light
0%
2 CRAVITY Love or Die
0%
3 DAY6 Melt Down
0%
3 QWER My name is Malguem
0%
3 THE BOYZ Nectar
0%
1 KEY Pleasure Shop
0%
1 PLAVE Pump Up The Volume!
0%
1 Jimin(ft. Loco) Smeraldo GardenMarching Band
0%
1 NCT WISH Songbird
0%
2 THE BOYZ TRIGGER
0%
2 EVNNE UGLY
0%
aespa UP (KARINA Solo)
0%
1 Lim Young Woong Warmth
0%
2 PLAVE WAY 4 LUV
0%
No matching quizzes found
Score Distribution
Percent of People with Each Score
Percentile by Number Answered
Your Score History
You have not taken this quiz since the last reset